[Event "España ch 2008 sub 18"]
[Site "Padrón ESP"]
[Date "2008.07.27"]
[Round "1.24"]
[White "Rasskin Friederichs, Ivan"]
[Black "Torres Ventosa, Pedro Eugenio"]
[Result "0-1"]
[WhiteElo "1843"]
[BlackElo "2135"]
[PlyCount "76"]
[EventDate "2008.07.27"]
[EventType "swiss"]
[EventRounds "9"]
[EventCountry "ESP"]
[Source "lmi"]
[SourceDate "2008.07.27"]

1. e4 c5 2. Nc3 d6 3. g3 Nc6 4. Bg2 g6 5. d3 Bg7 6. f4 e6 7. Nf3 Nge7 8. O-O
Rb8 9. Be3 O-O 10. Qd2 b5 11. e5 Nf5 12. Bf2 Ncd4 13. Ne4 dxe5 14. Nxe5 f6 15.
Ng4 h5 16. Ne3 e5 17. c3 exf4 18. gxf4 Nxe3 19. Bxe3 Nf5 20. Bxc5 Rf7 21. a4 a6
22. axb5 Rxb5 23. c4 Rb3 24. Nc3 Rc7 25. Bd5+ Kh7 26. Qf2 Rd7 27. Rfe1 Bb7 28.
Qc2 Rxc3 29. bxc3 Rxd5 30. Bd4 Rxd4 31. cxd4 Nxd4 32. Qb2 Nf3+ 33. Kf2 Nxe1 34.
Rxe1 Qc7 35. Qd4 f5 36. Qe3 Qc6 37. Ke2 Qg2+ 38. Kd1 Bf3+ 0-1

[Event "España ch 2008 sub 18"]
[Site "Padrón ESP"]
[Date "2008.07.27"]
[Round "1.25"]
[White "Castellano Egea, Einar"]
[Black "Perez Malvido, Javier"]
[Result "1-0"]
[WhiteElo "2128"]
[BlackElo "1842"]
[PlyCount "87"]
[EventDate "2008.07.27"]
[EventType "swiss"]
[EventRounds "9"]
[EventCountry "ESP"]
[Source "lmi"]
[SourceDate "2008.07.27"]

1. e4 c5 2. Nf3 e6 3. d4 cxd4 4. Nxd4 Nf6 5. Nc3 Nc6 6. g3 Bb4 7. Bg2 Qa5 8.
Nde2 O-O 9. O-O Rd8 10. a3 Be7 11. Bf4 d6 12. b4 Qh5 13. Nc1 Qg6 14. Nb3 Ne5
15. Bxe5 dxe5 16. Qe2 b6 17. Rfe1 Bb7 18. Na4 Rac8 19. c4 Bc6 20. Nb2 Rd7 21.
Nd3 Bd6 22. a4 Bb8 23. b5 Bxe4 24. Ndc5 Bd3 25. Nxd3 Qxd3 26. Qxd3 Rxd3 27.
Rab1 Rcd8 28. c5 bxc5 29. Nxc5 Rd2 30. a5 Ra2 31. b6 axb6 32. axb6 h6 33. Nb7
Rdd2 34. Rbc1 Rxf2 35. Rc8+ Kh7 36. Bh1 Rxh2 37. Rxb8 Kg6 38. Nd6 Nh7 39. Ne4
f5 40. b7 fxe4 41. Bxe4+ Kh5 42. Ra8 Raf2 43. Bf3+ Kg6 44. Rxe5 1-0

[Event "España ch 2008 sub 18"]
[Site "Padrón ESP"]
[Date "2008.07.27"]
[Round "1.26"]
[White "Samaniego Alonso, Sergio"]
[Black "Pueyo Burrell, David"]
[Result "0-1"]
[WhiteElo "1837"]
[BlackElo "2126"]
[PlyCount "42"]
[EventDate "2008.07.27"]
[EventType "swiss"]
[EventRounds "9"]
[EventCountry "ESP"]
[Source "lmi"]
[SourceDate "2008.07.27"]

1. Nf3 Nf6 2. c4 g6 3. g3 Bg7 4. Bg2 O-O 5. O-O d6 6. d4 c6 7. b3 Nbd7 8. Bb2
Qc7 9. Nbd2 e5 10. dxe5 dxe5 11. Ne1 Re8 12. Qc2 Nf8 13. e4 Ne6 14. Ndf3 Nc5
15. Nd3 Nfxe4 16. Bxe5 Bxe5 17. Nfxe5 Bf5 18. f3 Nxg3 19. Rfe1 Nxd3 20. Nxd3
Bxd3 21. Qxd3 Qb6+ 0-1

[Event "España ch 2008 sub 18"]
[Site "Padrón ESP"]
[Date "2008.07.27"]
[Round "1.27"]
[White "Marcos Pinto, Luis"]
[Black "Tarin Casado, Francisco"]
[Result "1-0"]
[WhiteElo "2115"]
[BlackElo "1815"]
[PlyCount "77"]
[EventDate "2008.07.27"]
[EventType "swiss"]
[EventRounds "9"]
[EventCountry "ESP"]
[Source "lmi"]
[SourceDate "2008.07.27"]

1. e4 c6 2. d4 d5 3. Nd2 dxe4 4. Nxe4 Bf5 5. Ng3 Bg6 6. Nf3 Nd7 7. h4 h6 8. h5
Bh7 9. Bd3 Bxd3 10. Qxd3 e6 11. Bf4 Qa5+ 12. Bd2 Qc7 13. O-O-O O-O-O 14. Kb1
Ngf6 15. Ne4 Nxe4 16. Qxe4 Nf6 17. Qe2 Kb8 18. g3 Ka8 19. c4 c5 20. Bc3 cxd4
21. Nxd4 a6 22. Nf3 Bc5 23. Ne5 Rhe8 24. g4 Re7 25. Rxd8+ Qxd8 26. Rd1 Qc7 27.
f3 Ne8 28. b4 Ba7 29. Qd3 Bb8 30. Nd7 f6 31. c5 Ba7 32. b5 axb5 33. Nb6+ Bxb6
34. cxb6 Qxb6 35. Bb4 Rc7 36. Qa3+ Kb8 37. Ba5 Qc5 38. Rd8+ Ka7 39. Bb4+ 1-0

[Event "España ch 2008 sub 18"]
[Site "Padrón ESP"]
[Date "2008.07.27"]
[Round "1.28"]
[White "Sanchez Garcia, Laura"]
[Black "Galan Martin, Pedro Juan"]
[Result "1/2-1/2"]
[WhiteElo "1814"]
[BlackElo "2114"]
[PlyCount "58"]
[EventDate "2008.07.27"]
[EventType "swiss"]
[EventRounds "9"]
[EventCountry "ESP"]
[Source "lmi"]
[SourceDate "2008.07.27"]

1. d4 d5 2. c4 c6 3. Nc3 Nf6 4. Nf3 e6 5. Bg5 h6 6. Bh4 dxc4 7. e4 g5 8. Bg3 b5
9. Be2 Bb7 10. O-O Nbd7 11. Ne5 Bg7 12. Nxd7 Nxd7 13. d5 e5 14. dxc6 Bxc6 15.
Qd6 Qf6 16. Rfd1 Rc8 17. Bg4 Qxd6 18. Rxd6 h5 19. Bxd7+ Bxd7 20. f3 Bc6 21. a4
Ke7 22. Rad1 b4 23. Nb5 Bxb5 24. axb5 Rc7 25. Be1 c3 26. bxc3 bxc3 27. Bxc3
Rxc3 28. Rd7+ Ke8 29. Rd8+ Ke7 1/2-1/2

[Event "España ch 2008 sub 18"]
[Site "Padrón ESP"]
[Date "2008.07.27"]
[Round "1.29"]
[White "Guadamuro Torrente, Anabel"]
[Black "Pintor Munoz, Francisco"]
[Result "0-1"]
[WhiteElo "2105"]
[BlackElo "1808"]
[PlyCount "69"]
[EventDate "2008.07.27"]
[EventType "swiss"]
[EventRounds "9"]
[EventCountry "ESP"]
[Source "lmi"]
[SourceDate "2008.07.27"]

1. e4 e5 2. Nf3 Nc6 3. Bc4 Bc5 4. c3 Nf6 5. d3 a6 6. a4 O-O 7. Nbd2 d5 8. Ba2
dxe4 9. dxe4 Qe7 10. O-O Ba7 11. Qe2 Nd8 12. Nc4 Ne6 13. Ncxe5 Nc5 14. Bg5 Be6
15. b4 Bxa2 16. Rxa2 Ne6 17. Bxf6 gxf6 18. Ng4 Kh8 19. e5 f5 20. Nf6 Rg8 21.
Nxg8 Rxg8 22. Qd2 f4 23. Kh1 Qf8 24. Nd4 Bxd4 25. cxd4 f3 26. g3 Qg7 27. d5 Ng5
28. Qf4 Qh6 29. Qf6+ Qxf6 30. exf6 Re8 31. h4 Ne4 32. Rc2 Nxf6 33. Rxc7 Nxd5
34. Rxb7 f6 35. Rd1 0-1

[Event "España ch 2008 sub 18"]
[Site "Padrón ESP"]
[Date "2008.07.27"]
[Round "1.30"]
[White "Ortega Sanchez, Ainhoa"]
[Black "Pintor Munoz, Antonio"]
[Result "0-1"]
[WhiteElo "1794"]
[BlackElo "2076"]
[PlyCount "126"]
[EventDate "2008.07.27"]
[EventType "swiss"]
[EventRounds "9"]
[EventCountry "ESP"]
[Source "lmi"]
[SourceDate "2008.07.27"]

1. d4 e6 2. Nf3 f5 3. Bf4 Nf6 4. c3 Be7 5. h3 O-O 6. e3 d6 7. Nbd2 c6 8. Be2
Qc7 9. Bh2 Nbd7 10. Qb3 Kh8 11. O-O b5 12. Ng5 Nb6 13. e4 fxe4 14. Ndxe4 Nxe4
15. Nxe4 Nd5 16. Rae1 Nf4 17. Bxf4 Rxf4 18. Bd3 Bd7 19. Qd1 Raf8 20. Nd2 b4 21.
Re4 bxc3 22. bxc3 d5 23. Rxf4 Qxf4 24. Qh5 Qh6 25. Qxh6 gxh6 26. Nf3 Rb8 27.
Rb1 Rxb1+ 28. Bxb1 Ba3 29. Ne5 Be8 30. c4 Bb2 31. cxd5 cxd5 32. Nf3 Bb5 33. g4
Kg7 34. Kg2 Bc3 35. Bc2 Bc4 36. a4 a5 37. Bd1 Bd3 38. Ne5 Be4+ 39. f3 Bxd4 40.
Nc6 Bxf3+ 41. Bxf3 Bc3 42. Kf2 Kf6 43. Ke3 Be1 44. Be2 e5 45. Bd3 e4 46. Bb5
Bc3 47. Ba6 Kg5 48. Nd4 Kh4 49. Bf1 Kg5 50. Ne6+ Kf6 51. Nc5 Ke5 52. Nd7+ Ke6
53. Nb6 Ke5 54. Nd7+ Ke6 55. Nf8+ Kf7 56. Nd7 Ke6 57. Nc5+ Ke5 58. Nb3 d4+ 59.
Ke2 Kf4 60. Nc5 Bb4 61. Nb3 d3+ 62. Kd1 Kg3 63. Nc1 Ba3 0-1

[Event "España ch 2008 sub 18"]
[Site "Padrón ESP"]
[Date "2008.07.27"]
[Round "1.31"]
[White "Ladron De Guevara Pinto, Fermin"]
[Black "Escobar Figueroa, Sandra"]
[Result "1-0"]
[WhiteElo "2074"]
[BlackElo "1794"]
[PlyCount "51"]
[EventDate "2008.07.27"]
[EventType "swiss"]
[EventRounds "9"]
[EventCountry "ESP"]
[Source "lmi"]
[SourceDate "2008.07.27"]

1. d4 d5 2. Nf3 Nf6 3. e3 Bg4 4. Be2 e6 5. O-O Bd6 6. b3 Nbd7 7. Bb2 c6 8. Nbd2
O-O 9. Ne5 Bxe2 10. Qxe2 Qc7 11. f4 c5 12. c4 Rac8 13. Rf3 cxd4 14. exd4 dxc4
15. bxc4 Bb4 16. Nf1 Ne8 17. Rc1 Nxe5 18. fxe5 Qa5 19. Rb3 b6 20. c5 bxc5 21.
a3 Qa4 22. Rxb4 cxb4 23. Rxc8 bxa3 24. Ba1 Qb3 25. Qf3 Qb1 26. Qxa3 1-0

[Event "España ch 2008 sub 18"]
[Site "Padrón ESP"]
[Date "2008.07.27"]
[Round "1.32"]
[White "Cuetos Lolo, Nekane"]
[Black "Varona Poncela, Tomas"]
[Result "0-1"]
[WhiteElo "1790"]
[BlackElo "2064"]
[PlyCount "76"]
[EventDate "2008.07.27"]
[EventType "swiss"]
[EventRounds "9"]
[EventCountry "ESP"]
[Source "lmi"]
[SourceDate "2008.07.27"]

1. e4 d6 2. d4 g6 3. Nf3 Bg7 4. Bc4 e6 5. O-O Ne7 6. c3 O-O 7. Re1 Nd7 8. Nbd2
Nb6 9. Bb3 a5 10. Nc4 Nxc4 11. Bxc4 Bd7 12. Bf4 b5 13. Bd3 f6 14. Qd2 e5 15.
Bg3 c5 16. dxc5 dxc5 17. b3 Qc7 18. Qe2 Rab8 19. Red1 Rfc8 20. Nd2 Bh6 21. f3
Be8 22. c4 b4 23. Bf2 Rd8 24. Nf1 Nc6 25. Bxc5 Nd4 26. Bxd4 Rxd4 27. Bc2 Qc5
28. Kh1 Rbd8 29. g3 Bc6 30. Rxd4 Rxd4 31. Rd1 Rxd1 32. Qxd1 Qf2 33. Qd8+ Bf8
34. Qd1 Bc5 35. Nd2 Bd7 36. g4 Be3 37. Nb1 Bf4 38. Qd5+ Kf8 0-1

[Event "España ch 2008 sub 18"]
[Site "Padrón ESP"]
[Date "2008.07.27"]
[Round "1.33"]
[White "Labena Bernal, Antonio"]
[Black "Marin Benito, Carla"]
[Result "1-0"]
[WhiteElo "2045"]
[BlackElo "1785"]
[PlyCount "91"]
[EventDate "2008.07.27"]
[EventType "swiss"]
[EventRounds "9"]
[EventCountry "ESP"]
[Source "lmi"]
[SourceDate "2008.07.27"]

1. e4 e5 2. Nf3 Nc6 3. Nc3 Nf6 4. g3 Bc5 5. Bg2 d6 6. d3 Be6 7. Na4 Bb6 8. Nxb6
axb6 9. Ng5 Bg4 10. f3 Bh5 11. O-O O-O 12. Qe1 Nd4 13. Qf2 h6 14. Nh3 Nh7 15.
g4 Bg6 16. f4 Nf6 17. Bf3 Nxf3+ 18. Qxf3 h5 19. g5 Ng4 20. f5 Bh7 21. Nf2 Qd7
22. h3 Nxf2 23. Rxf2 Rad8 24. Qxh5 g6 25. Qg4 gxf5 26. exf5 Qe8 27. Rg2 Kh8 28.
g6 fxg6 29. fxg6 Bxg6 30. Qxg6 Qxg6 31. Rxg6 Rf3 32. Kh2 Rf2+ 33. Rg2 Rf1 34.
Bg5 Rdf8 35. Rxf1 Rxf1 36. Bd8 Rf7 37. h4 b5 38. Bg5 c5 39. Kg3 c4 40. Rf2 Rd7
41. Rf8+ Kg7 42. Rd8 Rxd8 43. Bxd8 d5 44. Kf3 Kg6 45. Bc7 Kf5 46. h5 1-0

[Event "España ch 2008 sub 18"]
[Site "Padrón ESP"]
[Date "2008.07.27"]
[Round "1.34"]
[White "Carnero Rodriguez, Sergio"]
[Black "De Nacimiento Montano, Antonio"]
[Result "0-1"]
[WhiteElo "1765"]
[BlackElo "2045"]
[PlyCount "120"]
[EventDate "2008.07.27"]
[EventType "swiss"]
[EventRounds "9"]
[EventCountry "ESP"]
[Source "lmi"]
[SourceDate "2008.07.27"]

1. e4 c5 2. Nf3 e6 3. Nc3 a6 4. a4 Nc6 5. Be2 Nf6 6. O-O Qb6 7. d3 d6 8. h3 Be7
9. Bd2 O-O 10. Qc1 Qc7 11. Be3 e5 12. Nh2 Nd4 13. Qd2 Bd7 14. f4 b5 15. axb5
axb5 16. Bxd4 cxd4 17. Nd5 Nxd5 18. exd5 Qc5 19. fxe5 dxe5 20. Bf3 Rxa1 21.
Rxa1 Rc8 22. Kf1 f5 23. c3 Bd6 24. cxd4 Qxd4 25. Qf2 Qxd3+ 26. Be2 Qxd5 27. Nf3
Rc2 28. Qh4 e4 29. Qd8+ Bf8 30. Rd1 Qc5 31. Qxd7 exf3 32. gxf3 Rc1 33. Qe6+ Kh8
34. Qb3 h6 35. Kg2 Rc2 36. Kf1 b4 37. Qf7 Kh7 38. Rd5 Rc1+ 39. Rd1 Bd6 40. Kg2
Rc2 41. Qe6 Rxb2 42. h4 Qe5 43. Qxe5 Bxe5 44. Kf1 Kg6 45. Rd5 Kf6 46. Rb5 b3
47. Bd3 g6 48. h5 gxh5 49. f4 Bd4 50. Rxf5+ Kg7 51. Rxh5 Rf2+ 52. Ke1 Rxf4 53.
Kd1 Rf2 54. Kc1 Rg2 55. Rb5 b2+ 56. Kb1 Rg1+ 57. Ka2 Ra1+ 58. Kb3 b1=Q+ 59.
Bxb1 Rxb1+ 60. Kc4 Rxb5 0-1

[Event "España ch 2008 sub 18"]
[Site "Padrón ESP"]
[Date "2008.07.27"]
[Round "1.36"]
[White "Charro Calvo, Jesus"]
[Black "Marrero Falcon, Hector"]
[Result "0-1"]
[WhiteElo "1757"]
[BlackElo "2044"]
[PlyCount "91"]
[EventDate "2008.07.27"]
[EventType "swiss"]
[EventRounds "9"]
[EventCountry "ESP"]
[Source "lmi"]
[SourceDate "2008.07.27"]

1. e4 c5 2. Nf3 e6 3. d4 cxd4 4. Nxd4 Nc6 5. Nc3 Qc7 6. Be3 a6 7. a3 Nf6 8. Be2
b5 9. O-O Bb7 10. Kh1 Ne5 11. f3 Nc4 12. Bxc4 Qxc4 13. Qd3 Rc8 14. Rac1 d5 15.
exd5 Nxd5 16. Nxd5 Bxd5 17. Qxc4 Rxc4 18. c3 Be7 19. Nc2 O-O 20. Rfd1 Rd8 21.
Nb4 Bb7 22. Rxd8+ Bxd8 23. Rd1 Rc8 24. Rd7 Bc7 25. Bb6 Bxb6 26. Rxb7 Rd8 27. h3
Bf2 28. Kh2 h5 29. Nxa6 h4 30. g4 Bg3+ 31. Kg1 Rd1+ 32. Kg2 Rd2+ 33. Kg1 Rxb2
34. a4 Rb3 35. Rxb5 Rxc3 36. Rb2 Ra3 37. Nc5 Be5 38. Rd2 Bf4 39. Rc2 Rxf3 40.
Nd7 Ra3 41. Rc8+ Kh7 42. Nf8+ Kh6 43. Nd7 Rxh3 44. a5 Ra3 45. Rh8+ Kg5 46. Nc5
0-1

[Event "España ch 2008 sub 18"]
[Site "Padrón ESP"]
[Date "2008.07.27"]
[Round "1.38"]
[White "Mougan Gonzalez, Santiago"]
[Black "Vila Gonzalez, Daniel"]
[Result "0-1"]
[WhiteElo "1730"]
[BlackElo "2039"]
[PlyCount "78"]
[EventDate "2008.07.27"]
[EventType "swiss"]
[EventRounds "9"]
[EventCountry "ESP"]
[Source "lmi"]
[SourceDate "2008.07.27"]

1. e4 c5 2. Nf3 Nc6 3. d4 cxd4 4. Nxd4 Nf6 5. Nc3 e5 6. Ndb5 d6 7. Bg5 a6 8.
Na3 b5 9. Bxf6 gxf6 10. Nd5 f5 11. Bd3 Be6 12. Qh5 Rg8 13. g3 Rg5 14. Qd1 Bxd5
15. exd5 Ne7 16. c3 e4 17. h4 Rg6 18. Bf1 Bg7 19. Nc2 Rc8 20. h5 Rg5 21. Rc1
Rc5 22. Ne3 Qa8 23. c4 Bxb2 24. Rc2 Bf6 25. cxb5 Bc3+ 26. Rxc3 Rxc3 27. bxa6
Kf8 28. Bb5 Qc8 29. O-O Rxe3 30. fxe3 Rxg3+ 31. Kf2 f4 32. Qc1 Qh3 33. a7 Rf3+
34. Ke2 Rxe3+ 35. Kd1 Qxh5+ 36. Kc2 Qxd5 37. Kb1 Qxb5+ 38. Ka1 Qe5+ 39. Qb2 Ra3
0-1

[Event "España ch 2008 sub 18"]
[Site "Padrón ESP"]
[Date "2008.07.27"]
[Round "1.39"]
[White "Sanchez Ibern, Eric"]
[Black "Perez Munoz, Jorge"]
[Result "1-0"]
[WhiteElo "2038"]
[BlackElo "1725"]
[PlyCount "65"]
[EventDate "2008.07.27"]
[EventType "swiss"]
[EventRounds "9"]
[EventCountry "ESP"]
[Source "lmi"]
[SourceDate "2008.07.27"]

1. e4 e5 2. Nf3 Nc6 3. d4 exd4 4. Nxd4 Bc5 5. Nb3 Bb6 6. Nc3 Nf6 7. Bg5 d6 8.
Bd3 O-O 9. Nd5 Ne5 10. O-O Bg4 11. Qd2 Kh8 12. Bxf6 gxf6 13. Qf4 f5 14. exf5
Rg8 15. Kh1 Qh4 16. f3 Nxf3 17. Nxb6 Bh3 18. Qxf3 Bxg2+ 19. Qxg2 Rxg2 20. Kxg2
Rg8+ 21. Kh1 Qg4 22. Rf2 axb6 23. Raf1 c5 24. Nd2 d5 25. f6 Qd4 26. Rf4 Qe3 27.
Rh4 h6 28. Nf3 c4 29. Bf5 d4 30. Ne5 Re8 31. Rxh6+ Kg8 32. Bh7+ Kh8 33. Nxf7#
1-0

[Event "España ch 2008 sub 18"]
[Site "Padrón ESP"]
[Date "2008.07.27"]
[Round "1.40"]
[White "Pelegri Florit, Alex"]
[Black "Diaz Herrero, Alvaro"]
[Result "0-1"]
[WhiteElo "1704"]
[BlackElo "2034"]
[PlyCount "76"]
[EventDate "2008.07.27"]
[EventType "swiss"]
[EventRounds "9"]
[EventCountry "ESP"]
[Source "lmi"]
[SourceDate "2008.07.27"]

1. e4 c5 2. Nf3 e6 3. d3 Nc6 4. g3 g6 5. Bg2 Bg7 6. O-O Nge7 7. Nc3 d6 8. Bf4
O-O 9. Qd2 e5 10. Bh6 f6 11. Bxg7 Kxg7 12. h3 Be6 13. Nh2 Qd7 14. h4 h5 15. f4
Rad8 16. fxe5 dxe5 17. b3 Nd4 18. Nf3 b5 19. Nxd4 exd4 20. Ne2 Nc6 21. Nf4 Ne5
22. Nxe6+ Qxe6 23. Qa5 a6 24. a4 c4 25. axb5 cxd3 26. cxd3 axb5 27. Qxb5 Rf7
28. b4 Qg4 29. Kh2 Qe2 30. Ra6 Rc8 31. Raxf6 Ng4+ 32. Kg1 Nxf6 33. Rxf6 Rc1+
34. Kh2 Rxf6 35. Qd7+ Rf7 36. Qxd4+ Kh7 37. Qd5 Rcf1 38. e5 R1f2 0-1

[Event "España ch 2008 sub 18"]
[Site "Padrón ESP"]
[Date "2008.07.27"]
[Round "1.41"]
[White "Jimenez Capilla, Jose Alfonso"]
[Black "Balbas Calvo, Alexandra"]
[Result "1-0"]
[WhiteElo "2033"]
[BlackElo "1680"]
[PlyCount "79"]
[EventDate "2008.07.27"]
[EventType "swiss"]
[EventRounds "9"]
[EventCountry "ESP"]
[Source "lmi"]
[SourceDate "2008.07.27"]

1. d4 d5 2. Nf3 Nf6 3. e3 Nbd7 4. Bd3 e6 5. b3 Be7 6. Bb2 b6 7. Nbd2 Bb7 8. O-O
O-O 9. Ne5 c5 10. f4 Rc8 11. c4 cxd4 12. exd4 a6 13. Qe2 dxc4 14. bxc4 Nb8 15.
Rad1 Nc6 16. Ndf3 Nd7 17. Bb1 Ncxe5 18. fxe5 Qc7 19. Rc1 Rfd8 20. Kh1 Nb8 21.
d5 exd5 22. cxd5 Qd7 23. Rxc8 Qxc8 24. d6 Bf8 25. Bxh7+ Kxh7 26. Ng5+ Kg8 27.
Qh5 Bxg2+ 28. Kxg2 Qc2+ 29. Rf2 Qg6 30. Qxg6 fxg6 31. Ne6 Re8 32. Rxf8+ Rxf8
33. Nxf8 Kxf8 34. e6 Ke8 35. Bxg7 Nc6 36. Bf6 Nb8 37. Kf3 b5 38. Ke3 b4 39. Kd4
a5 40. Kc4 1-0

[Event "España ch 2008 sub 18"]
[Site "Padrón ESP"]
[Date "2008.07.27"]
[Round "1.43"]
[White "Sanchez-Alarcos Galian, Victor"]
[Black "Elexpe Bastida, Oscar"]
[Result "1-0"]
[WhiteElo "2026"]
[BlackElo "1676"]
[PlyCount "57"]
[EventDate "2008.07.27"]
[EventType "swiss"]
[EventRounds "9"]
[EventCountry "ESP"]
[Source "lmi"]
[SourceDate "2008.07.27"]

1. d4 Nf6 2. c4 d6 3. Nf3 Nbd7 4. Nc3 e5 5. e4 Be7 6. Be2 O-O 7. O-O exd4 8.
Nxd4 Nc5 9. Qc2 a5 10. b3 Re8 11. f3 h6 12. a3 Nh7 13. Be3 Bg5 14. f4 Bf6 15.
Rad1 Qe7 16. Bf3 c6 17. Rfe1 Ne6 18. Nf5 Qc7 19. Nxd6 Rd8 20. e5 Be7 21. c5 f6
22. Be4 Nhf8 23. Na4 fxe5 24. fxe5 Ng5 25. Nb6 Rb8 26. Nbxc8 Rbxc8 27. Bxg5
Bxg5 28. Qc4+ Kh8 29. Nf7+ 1-0

[Event "España ch 2008 sub 18"]
[Site "Padrón ESP"]
[Date "2008.07.27"]
[Round "1.45"]
[White "Lopez Paniego, Noel"]
[Black "Sousa Barreiro, Bieito"]
[Result "1-0"]
[WhiteElo "2011"]
[BlackElo "1587"]
[PlyCount "89"]
[EventDate "2008.07.27"]
[EventType "swiss"]
[EventRounds "9"]
[EventCountry "ESP"]
[Source "lmi"]
[SourceDate "2008.07.27"]

1. d4 Nf6 2. Nf3 g6 3. c4 Bg7 4. Nc3 d6 5. Bf4 Nbd7 6. e3 c5 7. Be2 h6 8. h3 a6
9. O-O O-O 10. Re1 Nh5 11. Bh2 Kh7 12. Qc2 Nhf6 13. Rad1 Re8 14. a3 b6 15. d5
Nf8 16. e4 N6d7 17. Bd3 Ne5 18. Nxe5 dxe5 19. Rb1 Qd6 20. b4 Nd7 21. Rb2 Rb8
22. Reb1 Rd8 23. Kh1 Kh8 24. f3 e6 25. Bg1 Bf8 26. Na4 Qc7 27. Qc3 Kg8 28. bxc5
bxc5 29. Rxb8 Nxb8 30. Bxc5 Bxc5 31. Nxc5 exd5 32. cxd5 Nd7 33. Rc1 Nxc5 34.
Qxc5 Qxc5 35. Rxc5 Kf8 36. Rc6 h5 37. Rc3 a5 38. Bb5 Bd7 39. Bxd7 Rxd7 40. Rc5
Ke7 41. Rxa5 f5 42. Ra6 Kf7 43. a4 h4 44. a5 g5 45. Rb6 1-0

[Event "España ch 2008 sub 18"]
[Site "Padrón ESP"]
[Date "2008.07.27"]
[Round "1.47"]
[White "Garro Beraza, Haritz"]
[Black "Crespo Ramos, Maria"]
[Result "1-0"]
[WhiteElo "1999"]
[BlackElo "1560"]
[PlyCount "123"]
[EventDate "2008.07.27"]
[EventType "swiss"]
[EventRounds "9"]
[EventCountry "ESP"]
[Source "lmi"]
[SourceDate "2008.07.27"]

1. e4 c5 2. Nf3 Nc6 3. d3 e6 4. g3 g6 5. Bg2 Bg7 6. O-O Nge7 7. Re1 O-O 8. c3
d5 9. e5 d4 10. c4 a6 11. b3 Rb8 12. Bf4 Nf5 13. Nbd2 Bh6 14. Ne4 Bxf4 15. gxf4
Qa5 16. Nfg5 h6 17. Nf6+ Kg7 18. Nge4 Nce7 19. Ng3 b5 20. cxb5 Qxb5 21. Rc1 Bb7
22. a4 Qb4 23. Rc4 Qa5 24. Nd7 Bxg2 25. Kxg2 Rxb3 26. Nxf8 Kxf8 27. Nxf5 Nxf5
28. Rxc5 Qxc5 29. Qxb3 Qc6+ 30. Re4 Kg7 31. Qd1 h5 32. h3 Ne7 33. Kh2 Qc3 34.
Re2 Nd5 35. Qc2 Nxf4 36. Qxc3 dxc3 37. Rc2 Nxd3 38. Rxc3 Nxe5 39. f4 Nd7 40.
Rc6 Kf6 41. Rxa6 Kf5 42. Kg3 h4+ 43. Kf3 e5 44. fxe5 Nxe5+ 45. Ke3 g5 46. Ra5
f6 47. Rc5 g4 48. hxg4+ Kxg4 49. Rc1 h3 50. Rg1+ Kh4 51. Kf4 h2 52. Rd1 Kh3 53.
a5 Kg2 54. a6 Nc6 55. Rd2+ Kg1 56. Kg3 h1=N+ 57. Kf4 Nf2 58. Rd6 Na7 59. Rd7
Nb5 60. Rb7 Nd3+ 61. Kg3 Nd6 62. Rb1+ 1-0

[Event "España ch 2008 sub 18"]
[Site "Padrón ESP"]
[Date "2008.07.27"]
[Round "2.1"]
[White "Ladron De Guevara Pinto, Fermin"]
[Black "Salgado Lopez, Ivan"]
[Result "0-1"]
[WhiteElo "2074"]
[BlackElo "2532"]
[PlyCount "36"]
[EventDate "2008.07.27"]
[EventType "swiss"]
[EventRounds "9"]
[EventCountry "ESP"]
[Source "lmi"]
[SourceDate "2008.07.27"]

1. d4 Nf6 2. Nf3 d5 3. e3 g6 4. b3 Bg7 5. Bd3 c5 6. Bb2 O-O 7. O-O cxd4 8. exd4
Nc6 9. Re1 Nb4 10. Ne5 Nxd3 11. Nxd3 Bf5 12. Nc3 Rc8 13. Ne5 Qa5 14. g4 Be6 15.
Na4 b6 16. Qe2 Rc7 17. Bc1 Rxc2 18. Qf1 Nxg4 0-1

[Event "España ch 2008 sub 18"]
[Site "Padrón ESP"]
[Date "2008.07.27"]
[Round "2.2"]
[White "Cabrera Trujillo, Jorge"]
[Black "Labena Bernal, Antonio"]
[Result "1-0"]
[WhiteElo "2423"]
[BlackElo "2045"]
[PlyCount "117"]
[EventDate "2008.07.27"]
[EventType "swiss"]
[EventRounds "9"]
[EventCountry "ESP"]
[Source "lmi"]
[SourceDate "2008.07.27"]

1. e4 e5 2. Nf3 Nc6 3. Bb5 a6 4. Ba4 Nf6 5. O-O Be7 6. Re1 b5 7. Bb3 d6 8. c3
O-O 9. h3 Nb8 10. d4 Nbd7 11. Nbd2 Bb7 12. Bc2 Re8 13. a4 c5 14. Nf1 Bf8 15.
Ng3 g6 16. d5 c4 17. Bg5 h6 18. Be3 Nc5 19. Qd2 h5 20. Bg5 Be7 21. Ra3 Rb8 22.
Rea1 Qb6 23. axb5 axb5 24. Nh4 Qd8 25. Nf3 Nh7 26. Bxe7 Qxe7 27. Ra7 Ra8 28.
Qd1 Rxa7 29. Rxa7 Ra8 30. Qa1 Rxa7 31. Qxa7 Qc7 32. Nd2 Nf6 33. Ngf1 Nfd7 34.
Nb1 Qb6 35. Qxb6 Nxb6 36. Na3 Ba6 37. Ne3 Kg7 38. f3 Kf6 39. g3 Kg5 40. h4+ Kh6
41. Kf2 Nba4 42. Bxa4 Nxa4 43. Nec2 Nxb2 44. Nb4 Nd3+ 45. Nxd3 cxd3 46. Ke3 Kg7
47. Nb1 Kf6 48. Nd2 Ke7 49. Kxd3 Kd7 50. Kc2 Kc7 51. g4 Bc8 52. g5 Bh3 53. Kd3
Kd7 54. Ke3 Ke7 55. f4 exf4+ 56. Kxf4 f6 57. Nf3 Bg2 58. Nd2 Kf7 59. Kg3 1-0

[Event "España ch 2008 sub 18"]
[Site "Padrón ESP"]
[Date "2008.07.27"]
[Round "2.3"]
[White "Varona Poncela, Tomas"]
[Black "Vila Gazquez, Xavier"]
[Result "0-1"]
[WhiteElo "2064"]
[BlackElo "2419"]
[PlyCount "106"]
[EventDate "2008.07.27"]
[EventType "swiss"]
[EventRounds "9"]
[EventCountry "ESP"]
[Source "lmi"]
[SourceDate "2008.07.27"]

1. f4 d5 2. Nf3 g6 3. e3 Bg7 4. d4 Nf6 5. Bd3 c5 6. c3 Bf5 7. O-O Nbd7 8. b3
O-O 9. h3 Rc8 10. g4 Bxd3 11. Qxd3 Ne4 12. Bb2 Qc7 13. Na3 Qa5 14. Rac1 e6 15.
Rc2 a6 16. Rfc1 Rcd8 17. Nd2 Nxd2 18. Qxd2 Nf6 19. b4 cxb4 20. cxb4 Qa4 21. Qc3
Ne4 22. Qb3 Qxb3 23. axb3 Rd6 24. b5 Rb6 25. Nb1 axb5 26. Nc3 Nd6 27. Ba3 b4
28. Na4 Rb5 29. Bb2 Ne4 30. Kf1 Ra8 31. Ke2 Bf8 32. Rc8 Rba5 33. R8c2 R5a6 34.
Nc5 Nxc5 35. dxc5 Rc6 36. Kd3 Ra5 37. Bd4 Ra3 38. Rb1 Bg7 39. g5 Bxd4 40. Kxd4
Rca6 41. e4 dxe4 42. Kxe4 R6a5 43. Rc4 Rb5 44. Rb2 Kf8 45. c6 bxc6 46. Rxc6 Rb7
47. Kd4 Ra1 48. Rbc2 Rd1+ 49. Kc4 Rf1 50. Kc5 Rxf4 51. Rc8+ Kg7 52. Ra2 Rf5+
53. Kc6 Rbb5 0-1

[Event "España ch 2008 sub 18"]
[Site "Padrón ESP"]
[Date "2008.07.27"]
[Round "2.4"]
[White "Recuero Guerra, David"]
[Black "Hernandez Munoz, Antonio"]
[Result "1-0"]
[WhiteElo "2417"]
[BlackElo "2044"]
[PlyCount "61"]
[EventDate "2008.07.27"]
[EventType "swiss"]
[EventRounds "9"]
[EventCountry "ESP"]
[Source "lmi"]
[SourceDate "2008.07.27"]

1. e4 c5 2. Nf3 d6 3. d4 cxd4 4. Nxd4 Nf6 5. f3 e5 6. Nb3 d5 7. Bg5 Be6 8. Bxf6
gxf6 9. exd5 Qxd5 10. Qxd5 Bxd5 11. Nc3 Bc6 12. O-O-O Nd7 13. Na5 O-O-O 14.
Nxc6 bxc6 15. Bc4 Rg8 16. g4 Rg7 17. Ne4 Kc7 18. Ng3 Nb6 19. Rxd8 Kxd8 20. Bd3
Nd5 21. Nh5 Rg8 22. Bxh7 Rh8 23. Be4 Bh6+ 24. Kb1 Ke7 25. Rd1 Rd8 26. Rd3 Rd6
27. a3 Bg5 28. Ng3 Rd8 29. Nf5+ Ke8 30. c4 Ne7 31. Ng7+ 1-0